00681nam a22001937a 450000500170000001000150001702000260003203500140005803700090007208200090008110000330009024500330012326000340015627000700019030000200026094200220028099900190030295201660032120250704150901.0 aENG-145692 a9789392210822c649.00 aEN-129224 bDBAD aN21 aMachiavelli, Niccolo 982611 aPrince/cNiccolo Machiavelli aChandigarhbThe Browserc2025 bChandigarhaSCO 14-15, Sector 8-Ce160009mservice@thebrowser.org a136p.c20cm(pb) 2ddccENh921mMAC c212106d212106 001040708NFICaZLSbZLSd2025-07-04eDelivery of Books Act Divisiong195.00l2o921 MACpEN-129224r2026-04-18 10:43:48s2026-04-01t1v195.00w2025-07-04yEN